Online
Catalog

El bloqueo / (Record no. 18368)

MARC details
000 -CABECERA
campo de control de longitud fija 00778cam a2200229 a 4500
001 - NÚMERO DE CONTROL
campo de control 000018848
005 - FECHA Y HORA DE LA ÚLTIMA TRANSACCIÓN
campo de control 20200929165851.0
008 - DATOS DE LONGITUD FIJA--INFORMACIÓN GENERAL
campo de control de longitud fija 770524s1977 cu f001 f spa d
040 ## - FUENTE DE LA CATALOGACIÓN
Centro catalogador/agencia de origen DO-SdBNP
Lengua de catalogación spa
Centro/agencia transcriptor BNPHU
082 ## - NÚMERO DE LA CLASIFICACIÓN DECIMAL DEWEY
Número de clasificación 891.7344
Número de documento/Ítem C435b
100 1# - ENTRADA PRINCIPAL--NOMBRE DE PERSONA
Nombre de persona Chakovski, Aleksandr,
Fechas asociadas al nombre 1913-
9 (RLIN) 40608
240 10 - TÍTULO UNIFORME
Título uniforme Blokada.
Lenguaje de la obra Español.
245 13 - MENCIÓN DE TÍTULO
Título El bloqueo /
Mención de responsabilidad, etc. Alexandr Chakovski ; traducción de Justo E. Vasco ; edición de Margarita Russinyol.
260 ## - PUBLICACIÓN, DISTRIBUCIÓN, ETC.
Lugar de publicación, distribución, etc. La Habana :
Nombre del editor, distribuidor, etc. Arte y Literatura,
Fecha de publicación, distribución, etc. 1977.
300 ## - DESCRIPCIÓN FÍSICA
Extensión V ;
Dimensiones 23 cm.
534 ## - NOTA SOBRE LA VERSIÓN ORIGINAL
Frase introductoria Título original en ruso:
Mención de título del original Blokada.
500 ## - NOTA GENERAL
Nota general La biblioteca posee el v. 3
650 #4 - PUNTO DE ACCESO ADICIONAL DE MATERIA--TÉRMINO DE MATERIA
Término de materia o nombre geográfico como elemento de entrada Novela rusa
9 (RLIN) 4742
650 #4 - PUNTO DE ACCESO ADICIONAL DE MATERIA--TÉRMINO DE MATERIA
Término de materia o nombre geográfico como elemento de entrada Literatura rusa
9 (RLIN) 4743
700 1# - PUNTO DE ACCESO ADICIONAL--NOMBRE DE PERSONA
Nombre de persona Russinyol, Margarita,
Término indicativo de función/relación ed.
9 (RLIN) 40609
700 1# - PUNTO DE ACCESO ADICIONAL--NOMBRE DE PERSONA
Nombre de persona Vasco, Justo E.,
Término indicativo de función/relación tr.
9 (RLIN) 40610
Holdings
Estado de retiro Estado de pérdida Restricciones de uso No para préstamo Código de colección Localización permanente Ubicación/localización actual Ubicación en estantería Fecha de adquisición Número de inventario Total de préstamos Signatura topográfica completa Código de barras Fecha visto por última vez Precio válido a partir de Tipo de ítem Koha
      Excluido de préstamo Monografías: Libros y Folletos General General Depósito 19.05.2010 LF1   v. 3 18848-10 25.06.2020 25.06.2020 No se presta
  Extraviado   Excluido de préstamo Monografías: Libros y Folletos General General Extraviado 22.05.2017 LF1   891.7344 C435b 18848-20 25.06.2020 25.06.2020 No se presta
  Extraviado     Monografías: Libros y Folletos General General Extraviado 22.05.2017 LF1   891.7344 C435b 18848-30 25.06.2020 25.06.2020 Préstamo en sala

Powered by Koha